Land relationships in Bulgaria
Skúmanie charakteru a špecifických čŕt reformy vzťahov k poľnohospodárskej pôde, ktorá v Bulharsku prebehla ako súčasť procesu transformácie k trhovej ekonomike. Vývoj vzťahov k pôde.
Salvato in:
| Autore principale: | |
|---|---|
| Natura: | Capitolo di libro |
| Lingua: | inglese |
| Soggetti: | |
| Tags: |
Nessun Tag, puoi essere il primo ad aggiungerne!!
|
MARC
| LEADER | 00000naa a2200000 4500 | ||
|---|---|---|---|
| 001 | r047755 | ||
| 005 | 20231004091440.2 | ||
| 041 | 0 | |a eng | |
| 044 | |a CZ | ||
| 245 | 1 | 0 | |a Land relationships in Bulgaria |c Plamena Yovchevska |
| 520 | |a Skúmanie charakteru a špecifických čŕt reformy vzťahov k poľnohospodárskej pôde, ktorá v Bulharsku prebehla ako súčasť procesu transformácie k trhovej ekonomike. Vývoj vzťahov k pôde. | ||
| 610 | 2 | 0 | |a pôda poľnohospodárska |
| 610 | 2 | 0 | |a Bulharsko |
| 610 | 2 | 0 | |a pôda |
| 610 | 2 | 0 | |a prenájom |
| 610 | 2 | 0 | |a reformy poľnohospodárske |
| 610 | 2 | 0 | |a vlastníctvo pozemkové |
| 610 | 2 | 0 | |a vzťahy vlastnícke |
| 610 | 2 | 0 | |a reformy pozemkové |
| 610 | 2 | 0 | |a transformácia |
| 100 | 1 | |a Yovchevska, Plamena | |